Illustrated guide to the Egyptian Museum = Guide illustré du Musée egyptien = Illustrierter Führer zum Aegyptischen Museum /
Main Author:
Format: Book
Language: English
Published:
Cairo :
Lehnert & Landrock,
1999.
Edition: 7th ed.
Subjects:
Tags: Add Tag
Call Number: DT59 .C2 L34 1999
| LEADER | 00981namaa2200277 4500 | ||
|---|---|---|---|
| 001 | 13443 | ||
| 003 | OSt | ||
| 005 | 20260510134004.0 | ||
| 008 | 130303s1999 ua a b 001 0 eng d | ||
| 040 | |c ARCE Library | ||
| 043 | |a f-ua--- | ||
| 050 | 4 | |a DT59 .C2 L34 1999 | |
| 100 | 1 | |a Lambelet, Edouard, |e author |9 34379 | |
| 245 | 1 | 0 | |a Illustrated guide to the Egyptian Museum = |b Guide illustré du Musée egyptien = Illustrierter Führer zum Aegyptischen Museum / |c Edouard Lambelet. |h |
| 246 | 3 | 1 | |a Guide illustré du Musée egyptien. |
| 246 | 3 | 1 | |a Illustrierter Führer zum Aegyptischen Museum. |
| 250 | |a 7th ed. | ||
| 264 | 1 | |a Cairo : |b Lehnert & Landrock, |c 1999. | |
| 300 | |a 301 pages : |b illustrations (some color) ; |c 25 cm. | ||
| 504 | |a Includes bibliographical references and index. | ||
| 610 | 2 | 0 | |a Matḥaf al-Miṣrī |v Catalogs. |
| 650 | 0 | |a Art, Egyptian. | |
| 651 | 0 | |a Egypt |x Antiquities |v Catalogs. | |
| 901 | |a reviewed | ||
| 942 | |c BK |2 lcc | ||
| 999 | |c 13333 |d 13333 | ||
